01524cam a2200385za 450000100060000000300070000600500170001300700030003000800410003301600310007401700520010502000150015703500210017203500270019304000370022008000260025708000250028324501240030826000390043230000420047150000400051354600340055359400450058760000470063270000260067970000290070585200190073494200180075395201250077195600060089698000720090298000740097498000730104899900170112185792SpMaBN20260310151453.0ta260310s2006 sp | ||| ||fre 7 abimoBNE200609785982SpMaBN aB 7636-2006bOficina Depósito Legal Barcelona a8434310813 a(OCoLC)733706743 a(SpMaBN)bimo0002134013 aSpMaBNbspacSpMaBNerdcdM-RABA a929 Fenosa, Apel·les a73 Fenosa, Apel·les00aDocuments Fenosah[Texto impreso]cune sélection établie par = a choise realized by Nicole Fenosa, Bertrand Tillier aBarcelonab: Polígrafac, [2006] a189 p.b; principalmente il.c, 28 cm aCronología: p. 182-1988. Índice aTexto en francés e inglés aEn la port.: Fundació Apel·les Fenosa17aFenosa, Apel·lesd1899-19882embne9543371 aFenosa, Nicole9402691 aTillier, Bertrand940270 aM-RABAjI-1818 cFONDOMODERn0 00102ddc4070aRABASFbRABASFcDP2d2026-03-10i47154l0oI-1818p1096888r2026-03-10 15:15:30w2026-03-10yFONDOMODER a2 aB 7636-2006a84-343-1081-3aSpMaBNbBNALCALAj12/389328cSG_PETANTI aB 7636-2006a84-343-1081-3aSpMaBNbBNALCALAcSG_PETANTIjAHMO/225578 aB 7636-2006a84-343-1081-3aSpMaBNbBNALCALAjDL/1508553cCONSERVACI c85792d85792